Statistics for Pompeii Roman Quiz

Click here to take the quiz!

General Stats

  • This quiz has been taken 69 times
  • The average score is 3 of 5

Answer Stats

QuestionAnswer% Correct
When did the eruption of the nearby volcano happen?79 AD
85%
Answer this statement: The eruption happened on e day after the religious festival of the Roman god —-.Vulcan
60%
What was the population of Pompeii?11,000-11,500
56%
Before the eruption, how many people were there?20,000
35%
When was Pompeii rediscovered?1599
33%

Score Distribution

Percentile by Number Answered

Percent of People with Each Score

Your Score History

You have not taken this quiz